000 00470nam a2200169Ia 4500
005 20250227143120.0
008 231217s9999 xx 000 0 und d
020 _a9788184892345
082 _a615.7 INN;1 R
100 _aInnocenti, Federico ed.
245 0 _aPharmacogenomics : methods and protocals
260 _c2005
_bSpringer
_aNew Delhi
300 _ax, 214
400 _aMethods in Molecular biology
650 _aPharmacogenomics,protocals
942 _cAA
999 _c190850
_d190850